1478 1293 1490 1502 1949 1213 1568 1193 1408 1146 1826 1468 1925 1765 1017 1481 1843 1235 1612 1974 1157 1031 1463 1087 1625 1325 1164 1284 1774 1205 1281 1286 1460 1457 1258 1633 1618 1141 1890 1952 1462 1966 1070 1716 1298 1635 1606 1703 1442 1139 1591 1116 1437 1288 1486 1842 1516 1575 1056 1431 1211 1934 1987 1885 1797 1129 1796 1595 1503 1560 1122 1938 1209 1225 1803 1621 1722 1833 1191 1136 1740 1374 1511 1768 1852 1002 1730 1613 1452 1205 1494 1269 1381 1925 1819 1560 1326 1093 1904 BCNSPRNW ULIB Ver.6.0+V

เปลี่ยนเป็นภาษาไทย

Change to English
 แสดงรายละเอียดบรรณานุกรม
  กลับหน้าหลัก

Brief Record : Get Marc (ISO 2709) : E-mail record : QR code < ปิดหน้าต่าง
LEADER : 00000nam 2200000uu 4500
001    13399112241
003     ULIB
008    110627s2551||||th 000 0 tha d
020    9789740640233
090    นว.^bป523S 2551
100 0  ปัญญ์ปรียา
245 00 Sweet molecule...มีเธอทุกอณูใจ/^cปัญญ์ปรียา
250    พิมพ์ครั้งที่ 1
260    กรุงเทพฯ :^bแจ่มใส,^c2551
300    464 หน้า
710 1  แจ่มใส
945    ^p279^l0^i023590
995    ทศพร
999 ^a ใช้งานได้ทุกระบบ
รายการนี้ยังไม่มีแท็ก
คุณยังไม่ได้ล็อกอิน คุณสามารถมีกิจกรรมร่วมกับเว็บไซต์ได้ แต่ต้องล็อกอินก่อน ::
  ล็อกอิน

รายการสื่อสารสนเทศ

ลำดับที่ ประเภท เลขเรียก/บาร์โค้ด สถานที่ สถานะ
- ไม่พบข้อมูล -

รายการใกล้เคียง
    ผู้แต่ง [ปัญญ์ปรียา]

BibComment


ยังไม่เคยถูกคอมเมนท์

คอมเมนท์ทรัพยากรรายการนี้
  คอมเมนท์: Sweet moleculeมีเ..


 Copyright 2026. Bcnsprnw @Library